00455 2200181 4500001002100000005001500021008004100036020001800077035001900095041000700114082000800121090001400129100002100143245002800164260003500192300003700227650000900264INLIS00000000000564420241224113135241224||||||||| | ||| |||| || |  a979-9341-42-6 0010-1224005644 aid0 a176 a176 RUD k0 aFX. RUDY GUNAWAN00aKrisis Orgasme Nasional aYogyakartabgalang pressc2002 axxviii, 261 hlm,; ilus.: 17,8 cm 0aSeks